Central Library OPAC University of Rajshahi

Exploring Australia / (Record no. 22119)

MARC details
000 -LEADER
fixed length control field 00793nam a2200241 a 4500
001 - CONTROL NUMBER
control field 22119
003 - CONTROL NUMBER IDENTIFIER
rucl marc code BD-RjUL
005 - DATE AND TIME OF LATEST TRANSACTION
control field 20211209000753.0
008 - FIXED-LENGTH DATA ELEMENTS--GENERAL INFORMATION
fixed length control field 140306r19601958enka b 001 0 eng d
035 ## - SYSTEM CONTROL NUMBER
System control number (BD-RjUL)22184
040 ## - CATALOGING SOURCE
Original cataloging agency XNLS
Language of cataloging eng
Transcribing agency XNLS
Modifying agency VERC
-- BD-RjUL
041 ## - LANGUAGE CODE
Language code of text/sound track or separate title eng
082 14 - DEWEY DECIMAL CLASSIFICATION NUMBER
Classification number 919.4
Edition number 19
Author mark and year POE 1960
100 1# - MAIN ENTRY--PERSONAL NAME
Personal name Pownall, Eve,
Dates associated with a name 1901-1982.
9 (RLIN) 68294
245 10 - TITLE STATEMENT
Title Exploring Australia /
Statement of responsibility, etc. by Eve Pownall ; illustrated by Noela Young.
260 ## - PUBLICATION, DISTRIBUTION, ETC. (IMPRINT)
Place of publication, distribution, etc. London :
Name of publisher, distributor, etc. Methuen,
Date of publication, distribution, etc. 1958 [reprinted 1960].
300 ## - PHYSICAL DESCRIPTION
Pagination 74 p. :
Illustrations ill., maps ;
Size 22 cm.
504 ## - BIBLIOGRAPHY, ETC. NOTE
Bibliography, etc Bibliography: p. 70-71. and Index: p. 72-74.
651 #0 - SUBJECT ADDED ENTRY--GEOGRAPHIC NAME
Geographic name Australia
General subdivision Discovery and exploration
-- Juvenile literature.
9 (RLIN) 68296
700 1# - ADDED ENTRY--PERSONAL NAME
Personal name Young, Noela.
942 ## - ADDED ENTRY ELEMENTS (KOHA)
Source of classification or shelving scheme Dewey Decimal Classification
Koha item type Books
Holdings
Lost status Source of classification or shelving scheme Damaged status Not for loan Collection code Permanent Location Current Location Shelving location Date acquired Source of acquisition Cost, normal purchase price Total Checkouts Full call number Date last seen Copy number Koha item type
  Dewey Decimal Classification   Added to bundle Non-fiction Central Library, University of Rajshahi Central Library, University of Rajshahi Reading Room 08/02/1963 Zeitlinger. 10.60   919.4 POE 1960 06/03/2014 C-1 Books